Legendy hiszpańskiej piłki nożnej - Statystyki

Ogólne statystyki
  • Ten quiz został rozwiązany 641 razy
  • Średni wynik to 14 z 47
Statystyki odpowiedzi
Pozycja Zawodnik % Poprawnych
Bramkarz Iker Casillas
87%
Pomocnik Xavi
87%
Pomocnik Andrés Iniesta
86%
Obrońca Sergio Ramos
86%
Obrońca Carles Puyol
85%
Obrońca Gerard Pique
77%
Napastnik Fernando Torres
73%
Napastnik David Villa
70%
Obrońca Jordi Alba
64%
Napastnik Raul
63%
Pomocnik Sergio Busquets
57%
Obrońca/pomocnik Fernando Hierro
55%
Pomocnik Xabi Alonso
53%
Bramkarz David de Gea
48%
Napastnik Emilio Butragueno
45%
Pomocnik David Silva
42%
Pomocnik/napastnik Pedro
39%
Pomocnik Pep Guardiola
35%
Pomocnik Cesc Fabregas
34%
Bramkarz Pepe Reina
25%
Napastnik Fernando Morientes
23%
Pomocnik/napastnik Luis Enrique
21%
Pomocnik Juan Mata
20%
Obrońca Alvaro Arbeloa
17%
Pomocnik/napastnik Luis Suárez
15%
Bramkarz Santiago Canizares
15%
Bramkarz Andoni Zubizarreta
14%
Napastnik Edmundo Suarez
13%
Obrońca Raul Albiol
12%
Obrońca Michel Salgado
10%
Pomocnik Vicente del Bosque
8%
Skrzydłowy Francisco Gento
7%
Pomocnik Gaizka Mendieta
7%
Obrońca Ivan Helguera
5%
Pomocnik Jesus Maria Zamora
5%
Napastnik Cesar Rodriguez
4%
Napastnik Telmo Zarra
4%
Pomocnik Jose Maria Bakero
3%
Obrońca Jose Antonio Camacho
2%
Pomocnik Juan Carlos Valeron
2%
Obrońca Manuel Sanchis
2%
Napastnik Santillana
2%
Napastnik Amancio Amaro
1%
Pomocnik Fran
1%
Napastnik Joseba Etxeberria
1%
Pomocnik Aitor Beguiristain
0%
Bramkarz Francisco Buyo
0%
Nie znaleziono quizów pasujących do podanych kryteriów
Rozkład punktacji
Procent ludzi z każdym wynikiem
Percentyl według liczby udzielonych odpowiedzi
Twoja historia wyników
Nie rozwiązałeś tego quizu